| 000 -LEADER |
| fixed length control field |
00606nam a2200193Ia 4500 |
| 008 - FIXED-LENGTH DATA ELEMENTS--GENERAL INFORMATION |
| fixed length control field |
190805s9999||||xx |||||||||||||| ||und|| |
| 020 ## - INTERNATIONAL STANDARD BOOK NUMBER |
| International Standard Book Number |
9783642345975 |
| Terms of availability |
69.99 |
| 082 04 - DEWEY DECIMAL CLASSIFICATION NUMBER |
| Classification number |
387.5 |
| Item number |
M8967 |
| 100 1# - MAIN ENTRY--PERSONAL NAME |
| Personal name |
Mukherjee, Proshanto K. |
| 245 10 - TITLE STATEMENT |
| Title |
Farthing on International Shipping / |
| 250 ## - EDITION STATEMENT |
| Edition statement |
4th ed. |
| 260 ## - PUBLICATION, DISTRIBUTION, ETC. (IMPRINT) |
| Place of publication, distribution, etc |
Heildelberg : |
| Name of publisher, distributor, etc |
Springer, |
| Date of publication, distribution, etc |
2013 |
| 300 ## - PHYSICAL DESCRIPTION |
| Extent |
xxix, 411 p. |
| Other physical details |
: |
| Dimensions |
; 24 cm. |
| 490 00 - SERIES STATEMENT |
| Series statement |
WMU studies in maritime affairs ; |
| Volume number/sequential designation |
1 |
| 650 #0 - SUBJECT ADDED ENTRY--TOPICAL TERM |
| Topical term or geographic name as entry element |
Shipping |
| General subdivision |
Government policy |
| 700 1# - ADDED ENTRY--PERSONAL NAME |
| Personal name |
Brownrigg, Mark |
| 852 ## - LOCATION/CALL NUMBER |
| Location |
|
| 942 ## - ADDED ENTRY ELEMENTS (KOHA) |
| Item type |
Reference book |